| 000 | 01357nam a2200241Ia 4500 | ||
|---|---|---|---|
| 001 | IA_L'adaptation d'éléments clés, contenus dans la norme officielle du vin de la France avec appellation d'origine, aux normes mexicaines pour simuler dans la plus part la qualité française, ainsi, le vin pourra posséder la légende « type » AOC (Appellation d'Origine Contrôlée) en train d'obtenir : un prix plus chère par rapport à le vins communes, un vin mexicaine de grand qualité, une grande compétitivité avec les vins étrangères et aussi même un nouveau produit dans le grand gamme d'étiquettes du vins. | ||
| 002 | DESCRIPCION Y ANALISIS DE PRE-FACTIBILIDAD DE VINO | ||
| 008 | 220117s xx 000 0 und d | ||
| 010 | _a185617 | ||
| 530 | _aDisponible en PDF | ||
| 650 |
_aIndustria del vino _9151418 |
||
| 650 |
_aVinificación _9151244 |
||
| 650 |
_aVinos _xAnálisis _9156222 |
||
| 650 |
_aWine industry _9151419 |
||
| 650 |
_aWinemaking _9151246 |
||
| 650 |
_aWines _xAnalysis _9156224 |
||
| 700 |
_aLira González, Diego Ernesto, asesor _9163742 |
||
| 700 |
_aMartínez Mosqueda, Francisco, asesor _9163662 |
||
| 700 |
_aMartínez Romero, Salvador, dir. _9147646 |
||
| 700 |
_aRobles González, Roberto Manuel, coaut. _9159717 |
||
| 942 | _cTESIS R36 2014 | ||
| 999 |
_c185617 _d185617 |
||